00667nam a2200241 a 4500001001300000003000900013005001700022008004100039020001000080082001300090100001700103245003900120260003500159300000900194500003500203505001500238650001200253700001700265902000800282942000700290952011300297999001500410nice12345678IN_TiNIC20260116012122.0050524s1952 newa grp 000 0 eng  ac10000a251bBAA aBaab, Otto J aProphetic Preachingb New Approach aNew YorkbAbingdon Pressc1952 a159p aincludes index and biblioraphy2 aRef. Index aSermons1 aBaab, Otto J bSRS cBK 001040708StackRoom-aHMIbHMId2007-07-09g100.00l0o251 BAAp08653r2007-07-09v100.00w2005-05-24yBK c5716d5716